000 00461nam a2200169Ia 4500
008 191130s2002##################000#0#eng##
020 _a9780744800791
040 _aACL
_cACL
082 _a928.21 FRE
100 _aFrench, Peter J
245 _aJohn Dee: the world of an Elizabethan magus
_cPeter J French
260 _aNew York
_bLondon
_c2002
300 _ax,243 p.:ill
990 _a05dbe6fcac10000c0d65d16ad82c13b2
991 _a137207
999 _c223735
_d223735